000 00475 a2200121 4500
003 OSt
005 20260209162417.0
008 260209b |||||||| |||| 00| 0 eng d
245 _aस्व .75 स्वातंत्र्यलढ्यातील मुस्लिम नेतृत्व आणि फाळणी
260 _bभारतीय विचार साधना प्रकाशन
_c2022
_aपुणे
300 _a48pp.
942 _cBK
_2ddc
999 _c370209
_d370209